[Event "EYCC Open-U16 2019"]
[Site "Bratislava"]
[Date "2019.08.10"]
[Round "9.37"]
[White "Palczert, Botond"]
[Black "Silich, Yahor"]
[Result "0-1"]
[WhiteElo "2022"]
[BlackElo "2100"]
[Annotator "TA"]
[PlyCount "93"]
[EventDate "2019.08.02"]
[EventType "swiss"]
[EventCountry "SVK"]
[SourceTitle "playchess.com"]
[Source "ChessBase"]
[SourceQuality "1"]

{[%evp 28,93,54,46,64,35,46,21,32,23,21,8,14,3,5,0,13,0,0,0,0,0,0,0,0,0,9,-24,-38,-20,-4,-31,-19,-162,-140,-150,-104,-366,-353,-352,-346,-397,-379,-983,-972,-902,-472,-2574,-2445,-1393,-1277,-6379,-6679,-1671,-1289,-29967,-29971,-29971,-5381,-29978,-29978,-29979,-29980,-29978,-29979,-29982,-29983,-29984]} 1. e4 c5 2. Nf3 Nc6 3. d4 cxd4 4. Nxd4 g6 5. c4 Bg7 6. Be3 Nf6 7. Nc3 O-O 8. Be2 d6 9. O-O Bd7 10. Qd2 Nxd4 11. Bxd4 Bc6 12. f3 Nd7 13. Be3 a5 14. b3 Nc5 15. Rab1 Be5 {B38: Sicilian: Maroczy Bind with 5...Bg7 and 7...0-0} (15... Qb6 16. Rfc1 Rfc8 17. Bf1 Qb4 18. Qb2 Qb6 19. Kh1 Qd8 20. Qd2 e6 21. Bg5 Qf8 22. Rd1 h6 23. Be3 Rd8 24. a3 Nd7 25. b4 axb4 26. axb4 {0-1 (41) Wang,H (2690)-Bu,X (2713) China 2017}) 16. Bh6 Bg7 17. Bxg7 Kxg7 {The position is equal.} 18. Kh1 Qb6 19. Rfc1 f6 $146 ({Predecessor:} 19... Ne6 20. a3 Rfc8 21. Qb2 Kg8 22. b4 axb4 23. axb4 Nf4 24. Bf1 e6 {1-0 (73) Reuker,J (1912)-Nguyen,H (1977) Magdeburg 2014}) 20. Qb2 e5 21. a3 Ne6 22. b4 axb4 23. axb4 Nd4 24. Bf1 Rfc8 25. Ne2 Ne6 26. Nc3 h5 27. b5 Be8 28. Nd5 Qc5 29. Ra1 h4 30. g3 (30. h3 $11 {and White is okay.}) 30... hxg3 $19 31. Bh3 Bd7 32. Bxe6 $4 {[%mdl 8192] [#]} (32. Rxa8 $17 Rxa8 33. Qg2 gxh2 34. Bf5) 32... Bxe6 33. Rxa8 Rxa8 34. Kg2 gxh2 35. Kxh2 $2 (35. Qd2) 35... Rh8+ 36. Kg2 Qc8 {[#] ...Bxd5 is the strong threat.} 37. Rh1 (37. Ne3 $142 Rh3 38. Nf1) 37... Rxh1 38. Kxh1 Bxd5 39. exd5 {[%mdl 4096] Endgame KQ-KQ} Qh3+ 40. Kg1 Qg3+ 41. Qg2 Qxg2+ 42. Kxg2 {KP-KP} f5 43. b6 Kf6 {Black mates.} 44. Kg3 g5 45. Kf2 e4 46. fxe4 fxe4 47. Ke3 {Accuracy: White = 24%, Black = 75%.} 0-1

[Event "EYCC Open-U16 2019"]
[Site "Bratislava"]
[Date "2019.08.10"]
[Round "9.38"]
[White "Karadzhov, Ivan"]
[Black "Grutter, Tim"]
[Result "0-1"]
[WhiteElo "2023"]
[BlackElo "2091"]
[Annotator "NA RC"]
[PlyCount "104"]
[EventDate "2019.08.02"]
[EventType "swiss"]
[EventCountry "SVK"]
[SourceTitle "playchess.com"]
[Source "ChessBase"]
[SourceQuality "1"]
[TimeControl "40/5400+30:1800+30"]

1. d4 {[%emt 0:00:00]} Nf6 {[%emt 0:00:00]} 2. c4 {[%emt 0:00:05]} g6 {[%emt 0:00:00]} 3. Nc3 {[%emt 0:00:15]} Bg7 {[%emt 0:00:00]} 4. Nf3 {[%emt 0:00:15]} O-O {[%emt 0:00:00]} 5. Bg5 {[%emt 0:00:23]} c5 {[%emt 0:00:00]} 6. e3 {[%emt 0:00:51]} cxd4 {[%emt 0:00:04]} 7. Nxd4 {[%emt 0:02:23]} Nc6 {[%emt 0:01:06]} 8. Be2 {[%emt 0:02:42]} Nxd4 {[%emt 0:00:45]} 9. exd4 {[%emt 0:03:39]} d5 {[%emt 0:01:04]} 10. O-O {[%emt 0:03:44]} Be6 {[%emt 0:04:15]} 11. c5 {[%emt 0:05:10]} Ne4 {[%emt 0:03:54]} 12. Bh4 {[%emt 0:04:35]} b6 {[%emt 0:22:09]} 13. c6 {[%emt 0:08:53]} Nxc3 {[%emt 0:04:12]} 14. bxc3 {[%emt 0:00:17]} Qc7 {[%emt 0:08:40]} 15. Qa4 {[%emt 0:03:28]} f5 {[%emt 0:09:20]} 16. Rfd1 {[%emt 0:16:18]} h6 {[%emt 0:04:47]} 17. f3 {[%emt 0:02:12]} g5 {[%emt 0:00:43]} 18. Bf2 {[%emt 0:00:37]} Kh8 {[%emt 0:02:37]} 19. Rac1 {[%emt 0:09:53]} a6 {[%emt 0:02:47]} 20. c4 {[%emt 0:01:46]} Rfd8 {[%emt 0:07:01]} 21. cxd5 {[%emt 0:08:11]} Bxd5 {[%emt 0:00:14]} 22. Qc2 {[%emt 0:00:34]} e6 {[%emt 0:01:45]} 23. Bg3 {[%emt 0:07:04]} f4 {[%emt 0:00:18]} 24. Bf2 {[%emt 0:00:13]} Rd6 {[%emt 0:01:45]} 25. Qg6 {[%emt 0:06:10]} Rxc6 {[%emt 0:02:01]} 26. Bd3 {[%emt 0:01:54]} Kg8 {[%emt 0:00:05]} 27. Rxc6 {[%emt 0:01:26]} Qxc6 {[%emt 0:00:05]} 28. h4 {[%emt 0:01:22]} Qe8 {[%emt 0:04:10]} 29. Qh7+ {[%emt 0:01:18]} Kf8 {[%emt 0:00:03]} 30. hxg5 {[%emt 0:00:30]} hxg5 {[%emt 0:00:08]} 31. Bg6 {[%emt 0:01:19]} Qd8 {[%emt 0:03:17]} 32. Be1 {[%emt 0:04:23]} a5 {[%emt 0:00:13]} 33. Bc3 {[%emt 0:00:59]} Rc8 {[%emt 0:00:47]} 34. Bb2 {[%emt 0:00:37]} b5 {[%emt 0:00:36]} 35. Kh2 {[%emt 0:02:38]} Qf6 {[%emt 0:01:17]} 36. Be4 {[%emt 0:01:08]} Ke7 {[%emt 0:01:42]} 37. Qg6 {[%emt 0:00:31]} Qxg6 {[%emt 0:01:23]} 38. Bxg6 {[%emt 0:00:07]} b4 {[%emt 0:01:45]} 39. Kg1 {[%emt 0:00:43]} a4 {[%emt 0:01:02]} 40. a3 {[%emt 0:00:00]} b3 {[%emt 0:00:00]} 41. Bd3 {[%emt 0:05:06]} Kd6 {[%emt 0:04:49]} 42. Re1 {[%emt 0:01:51]} Rc7 {[%emt 0:03:21]} 43. Kf2 {[%emt 0:05:24]} Bc4 {[%emt 0:02:43]} 44. Bg6 {[%emt 0:00:51]} Bf6 {[%emt 0:03:35]} 45. Bb1 {[%emt 0:04:19]} Rc8 {[%emt 0:03:12]} 46. Rh1 {[%emt 0:05:33]} Rh8 {[%emt 0:00:26]} 47. Rc1 {[%emt 0:00:33]} Bd5 {[%emt 0:02:22]} 48. Re1 {[%emt 0:00:46]} g4 {[%emt 0:00:59]} 49. Rg1 {[%emt 0:02:59]} Rh2 {[%emt 0:02:00]} 50. fxg4 {[%emt 0:03:17]} Bh4+ {[%emt 0:00:33]} 51. Ke2 {[%emt 0:00:45]} f3+ {[%emt 0:00:45]} 52. Ke3 {[%emt 0:00:25]} Rxg2 {[%emt 0:00:36]} 0-1

[Event "EYCC Open-U16 2019"]
[Site "Bratislava"]
[Date "2019.08.10"]
[Round "9.39"]
[White "Vorisek, Jakub"]
[Black "Ghachava, Akaki"]
[Result "1-0"]
[WhiteElo "2071"]
[BlackElo "1777"]
[Annotator "NA RC"]
[PlyCount "65"]
[EventDate "2019.08.02"]
[EventType "swiss"]
[EventCountry "SVK"]
[SourceTitle "playchess.com"]
[Source "ChessBase"]
[SourceQuality "1"]
[TimeControl "40/5400+30:1800+30"]

1. d4 {[%emt 0:00:00]} Nf6 {[%emt 0:00:03]} 2. c4 {[%emt 0:00:00]} e6 {[%emt 0:00:02]} 3. Nf3 {[%emt 0:00:33]} b6 {[%emt 0:00:03]} 4. a3 {[%emt 0:00:45]} Bb7 {[%emt 0:01:14]} 5. Nc3 {[%emt 0:00:24]} d5 {[%emt 0:04:02]} 6. cxd5 {[%emt 0:00:57]} Nxd5 {[%emt 0:01:09]} 7. Qc2 {[%emt 0:01:51]} Be7 {[%emt 0:00:43]} 8. e4 {[%emt 0:00:43]} Nxc3 {[%emt 0:00:03]} 9. bxc3 {[%emt 0:00:07]} O-O {[%emt 0:01:50]} 10. Bd3 {[%emt 0:00:29]} c5 {[%emt 0:01:39]} 11. O-O {[%emt 0:01:05]} Qc7 {[%emt 0:03:54]} 12. Qe2 {[%emt 0:00:49]} Qc8 {[%emt 0:05:51]} 13. Bf4 {[%emt 0:09:09]} Ba6 {[%emt 0:01:53]} 14. a4 {[%emt 0:06:06]} Bxd3 {[%emt 0:02:26]} 15. Qxd3 {[%emt 0:00:05]} Rd8 {[%emt 0:00:02]} 16. Rfd1 {[%emt 0:07:17]} Nd7 {[%emt 0:06:10]} 17. Qe2 {[%emt 0:13:17]} Bf6 {[%emt 0:09:10]} 18. Bd6 {[%emt 0:06:07]} Re8 {[%emt 0:01:40]} 19. e5 {[%emt 0:01:35]} Be7 {[%emt 0:01:10]} 20. Bxe7 {[%emt 0:00:55]} Rxe7 {[%emt 0:00:01]} 21. Qe4 {[%emt 0:06:57]} f5 {[%emt 0:06:28]} 22. Qh4 {[%emt 0:06:12]} Re8 {[%emt 0:01:08]} 23. d5 {[%emt 0:01:44]} exd5 {[%emt 0:00:36]} 24. Rxd5 {[%emt 0:00:08]} Nf8 {[%emt 0:02:36]} 25. Rad1 {[%emt 0:09:34]} Qc7 {[%emt 0:04:52]} 26. Qc4 {[%emt 0:08:19]} Kh8 {[%emt 0:02:15]} 27. Rd6 {[%emt 0:00:35]} Qe7 {[%emt 0:05:03]} 28. h4 {[%emt 0:02:17]} Ng6 {[%emt 0:02:29]} 29. e6 {[%emt 0:05:34]} Nf8 {[%emt 0:04:30]} 30. Ng5 {[%emt 0:01:51]} h6 {[%emt 0:03:06]} 31. Nf7+ {[%emt 0:00:06]} Kh7 {[%emt 0:00:13]} 32. Re1 {[%emt 0:00:49]} Nxe6 {[%emt 0:10:53]} 33. Rexe6 {[%emt 0:04:15]} 1-0

[Event "EYCC Open-U16 2019"]
[Site "Bratislava"]
[Date "2019.08.10"]
[Round "9.40"]
[White "Fuglestein, Sander"]
[Black "Bin-Suhayl, Ieysaa"]
[Result "1/2-1/2"]
[WhiteElo "1997"]
[BlackElo "2084"]
[Annotator "NA RC"]
[PlyCount "71"]
[EventDate "2019.08.02"]
[EventType "swiss"]
[EventCountry "SVK"]
[SourceTitle "playchess.com"]
[Source "ChessBase"]
[SourceQuality "1"]
[TimeControl "40/5400+30:1800+30"]

1. d4 {[%emt 0:00:00]} Nf6 {[%emt 0:00:00]} 2. c4 {[%emt 0:00:00]} c5 {[%emt 0:00:00]} 3. d5 {[%emt 0:00:00]} b5 {[%emt 0:00:00]} 4. cxb5 {[%emt 0:00:02]} a6 {[%emt 0:00:00]} 5. e3 {[%emt 0:00:10]} axb5 {[%emt 0:00:00]} 6. Bxb5 {[%emt 0:00:05]} Qa5+ {[%emt 0:00:00]} 7. Nc3 {[%emt 0:00:11]} Bb7 {[%emt 0:00:00]} 8. Bd2 {[%emt 0:02:07]} Qb6 {[%emt 0:00:00]} 9. Nf3 {[%emt 0:01:15]} Nxd5 {[%emt 0:00:16]} 10. Nxd5 {[%emt 0:00:46]} Bxd5 {[%emt 0:00:05]} 11. a4 {[%emt 0:00:19]} e6 {[%emt 0:00:18]} 12. Bc3 {[%emt 0:00:47]} Be7 {[%emt 0:00:31]} 13. O-O {[%emt 0:00:25]} O-O {[%emt 0:00:08]} 14. Qe2 {[%emt 0:00:48]} Qb7 {[%emt 0:07:36]} 15. Nd2 {[%emt 0:03:37]} f5 {[%emt 0:00:34]} 16. f3 {[%emt 0:01:59]} Bc6 {[%emt 0:02:52]} 17. e4 {[%emt 0:05:20]} d5 {[%emt 0:02:33]} 18. exd5 {[%emt 0:10:47]} exd5 {[%emt 0:00:07]} 19. Nb3 {[%emt 0:04:54]} Bxb5 {[%emt 0:12:34]} 20. axb5 {[%emt 0:01:34]} Rxa1 {[%emt 0:01:17]} 21. Rxa1 {[%emt 0:01:03]} d4 {[%emt 0:05:22]} 22. Bd2 {[%emt 0:08:09]} Qd5 {[%emt 0:10:33]} 23. Qxe7 {[%emt 0:07:08]} Qxb3 {[%emt 0:00:05]} 24. Ra7 {[%emt 0:14:54]} Rf7 {[%emt 0:00:04]} 25. Qxf7+ {[%emt 0:05:00]} Qxf7 {[%emt 0:00:10]} 26. Rxf7 {[%emt 0:00:08]} Kxf7 {[%emt 0:00:05]} 27. b6 {[%emt 0:01:53]} Nc6 {[%emt 0:03:51]} 28. b7 {[%emt 0:01:28]} Ke6 {[%emt 0:00:31]} 29. Bf4 {[%emt 0:02:10]} Kd5 {[%emt 0:00:10]} 30. b8=Q {[%emt 0:01:26]} Nxb8 {[%emt 0:00:04]} 31. Bxb8 {[%emt 0:00:06]} Kc4 {[%emt 0:01:41]} 32. Kf2 {[%emt 0:12:46]} Kb3 {[%emt 0:00:37]} 33. Ke1 {[%emt 0:04:22]} Kc2 {[%emt 0:00:05]} 34. Be5 {[%emt 0:02:02]} d3 {[%emt 0:06:36]} 35. Bc3 {[%emt 0:02:54]} c4 {[%emt 0:00:08]} 36. g3 {[%emt 0:03:46]} 1/2-1/2

[Event "EYCC Open-U16 2019"]
[Site "Bratislava"]
[Date "2019.08.10"]
[Round "9.41"]
[White "Bettalli, Francesco"]
[Black "Dabic, Stjepan"]
[Result "1-0"]
[WhiteElo "2095"]
[BlackElo "2102"]
[Annotator "TA"]
[PlyCount "73"]
[EventDate "2019.08.02"]
[EventType "swiss"]
[EventCountry "SVK"]
[SourceTitle "playchess.com"]
[Source "ChessBase"]
[SourceQuality "1"]

{[%evp 14,73,61,70,73,71,64,0,61,0,76,31,107,97,122,125,161,88,138,140,171,140,146,158,224,195,203,196,211,223,216,216,255,268,264,257,258,194,256,220,354,209,269,258,239,245,217,134,118,110,129,107,231,244,235,229,260,233,234,238,498,499]} 1. d4 Nf6 2. c4 g6 3. Nc3 Bg7 4. e4 d6 5. Bg5 O-O 6. f3 Nbd7 7. Nge2 e5 8. Qd2 h6 {E81: King's Indian: Sämisch: 6th move deviations (including 6 Be3 c6)} 9. Be3 $1 (9. Bxh6 Nxe4 10. fxe4 Qh4+ 11. g3 Qxh6 $11) 9... a6 10. Nc1 $146 ({Of course not} 10. Bxh6 Nxe4 11. fxe4 Qh4+ 12. g3 Qxh6 $15) ({Better is} 10. O-O-O $14) ({Predecessor:} 10. d5 Kh7 11. g4 Ng8 12. h4 f5 13. exf5 gxf5 14. gxf5 Ndf6 15. Ng3 Qe8 16. Bd3 Kh8 {½-½ (38) Almeida Quintana,O (2576)-Larino Nieto,D (2466) Barcelona 2011}) 10... c6 (10... exd4 $11 11. Bxd4 Ne5) 11. Be2 (11. d5 $14) 11... h5 (11... exd4 $11 {remains equal.} 12. Bxd4 b5) 12. Nb3 Nh7 (12... exd4 $14 13. Bxd4 (13. Nxd4 d5 $11) 13... a5) 13. O-O-O $16 Qe7 14. Kb1 b5 15. c5 ({White should play} 15. h3 $18) 15... exd4 16. Nxd4 Ne5 17. Nb3 dxc5 18. Bxc5 Qe8 (18... Qc7 $16 19. Bxf8 Nxf8) 19. Bxf8 Nxf8 20. Qd8 Be6 21. Qxe8 $1 Rxe8 22. Nc5 a5 23. f4 Nc4 24. Nxe6 Nxe6 25. g3 Nc5 (25... Na3+ $142 26. bxa3 Bxc3) 26. e5 f6 (26... Nxe5 {keeps fighting.} 27. fxe5 b4) 27. Bf3 (27. Bxc4+ $142 bxc4 28. Rd4) 27... Rc8 28. b3 Na3+ 29. Kc1 $1 fxe5 30. Nb1 Nxb1 31. Kxb1 {And now fxe5 would win.} e4 32. Bg2 $36 {[%mdl 2048] White is in control.} a4 (32... Bc3 $16) 33. b4 $18 Nd3 {[#]} 34. Rd2 $1 ({But not} 34. Bxe4 $6 Nf2 $16) 34... Re8 35. a3 c5 {[#]} 36. Re2 $1 Kh7 $2 (36... cxb4 {was called for.} 37. Bxe4 {[%mdl 64] Double Attack} bxa3 38. Bxd3 {[%mdl 64] Discovered Attack} Rxe2 39. Bxe2 b4) 37. Bxe4 {Accuracy: White = 59%, Black = 26%.} 1-0

[Event "EYCC Open-U16 2019"]
[Site "Bratislava"]
[Date "2019.08.10"]
[Round "9.42"]
[White "Mica, Marek"]
[Black "Muntean, Victor"]
[Result "1/2-1/2"]
[WhiteElo "2222"]
[BlackElo "1971"]
[Annotator "TA"]
[PlyCount "179"]
[EventDate "2019.08.02"]
[EventType "swiss"]
[EventCountry "SVK"]
[SourceTitle "playchess.com"]
[Source "ChessBase"]
[SourceQuality "1"]

{[%evp 17,178,66,79,39,50,44,37,32,20,21,44,0,18,-9,8,12,-22,-12,13,14,15,0,0,0,13,-3,-8,-23,-33,-20,0,-14,0,0,0,-22,0,-7,0,0,0,0,147,154,161,162,420,426,414,361,338,355,305,237,238,229,329,334,331,323,357,287,283,108,226,222,206,199,220,176,191,164,147,46,46,0,0,0,0,0,0,0,0,0,0,0,0,-22,0,0,0,0,37,0,0,0,0,0,1,0,0,0,0,0,0,0,0,0,0,0,0,0,0,0,0,0,0,0,0,0,2,0,0,0,0,0,0,0,0,0,0,0,0,0,0,0,0,0,0,0,0,0,0,0,0,0,0,0,0,0,0,0,0,0,0,0,0,0,0,0,0,0,0]} 1. d4 Nf6 2. Nf3 g6 3. c4 Bg7 4. g3 O-O 5. Bg2 d6 6. O-O Nc6 7. Nc3 e5 8. d5 Ne7 9. e4 c5 10. h3 {E62: King's Indian: Fianchetto: 6...c6 and Panno Variation (6...Nc6) without ...a6} (10. Ne1 Nd7 11. Nd3 Kh8 12. Kh1 Nb6 13. b3 f5 14. Qc2 Nd7 15. f4 fxe4 16. Nxe4 Nf5 17. fxe5 Nxe5 18. Nxe5 Bxe5 19. Bg5 Qe8 20. Rae1 Nd4 21. Qd2 Rxf1+ 22. Rxf1 Bf5 23. Nf6 Qc8 24. Bh4 Kg7 {½-½ (24) Berczes,D (2510)-Rajlich,I (2459) Budapest 2010}) 10... Ne8 11. Bg5 $146 ({Predecessor:} 11. Ne1 f5 12. Nd3 fxe4 13. Nxe4 Nf5 14. Bg5 Qc7 15. g4 Nd4 16. Be3 Nf6 17. Ng3 Bd7 18. f4 exf4 19. Nxf4 Rae8 20. Qd2 {½-½ (20) Humburg,M (1898)-Waldner,A (1996) Germany 2017}) 11... h6 12. Be3 {White is slightly better.} f5 13. Qd2 Kh7 14. Ne1 Nf6 15. f3 Nh5 16. Bf2 $1 f4 17. g4 Nf6 18. Nd3 g5 19. a3 h5 20. b4 b6 21. bxc5 bxc5 22. Nb5 hxg4 23. hxg4 Ne8 24. Rfd1 a6 25. Nc3 $36 {[%mdl 2048] Black is under pressure.} Nf6 26. Bh3 Nd7 27. Na4 Rf6 28. Rab1 Rh6 29. Bg2 Qc7 {[#]} (29... Ng6 $11) 30. Ndxc5 $1 $16 {[%mdl 512]} dxc5 31. d6 {[%mdl 64] Double Attack} Qa7 $2 (31... Qd8) 32. dxe7 $18 Re6 33. Qd5 Rxe7 34. Nxc5 Nf6 35. Qd3 Qc7 36. Na4 {[%cal Bc5a4,Ba4b6,Bb6d5][%mdl 32]} Rb8 (36... Rd7 {keeps fighting.} 37. Qe2 Bf8) 37. Rxb8 Qxb8 38. Nb6 Bb7 39. Nd5 Re8 40. Bc5 $2 (40. c5 $18) 40... Bc6 (40... Nd7 $16 {was worth a try.}) 41. Rb1 Qc8 42. Bb4 a5 43. Be1 Bxd5 44. cxd5 Bf8 45. Bf2 (45. Kf1 $16) 45... Bc5 $14 46. Rb5 Bxf2+ 47. Kxf2 Qc1 48. Rb1 Qc5+ 49. Kf1 Rc8 50. Qb3 Kg6 51. Rd1 Nd7 52. d6 (52. Qb7 {feels hotter.} Nb6 53. Rb1 Qc4+ 54. Kg1 Qd4+ 55. Kh1) 52... Qc4+ (52... Kf6 {looks sharper.} 53. a4 Rb8 54. Qa2 Rb4 55. Qg8 Qc4+) 53. Qxc4 Rxc4 $11 {[%mdl 4096] Endgame KRB-KRN} 54. Rd5 a4 55. Kf2 Rc2+ {The position is equal.} 56. Kg1 {aiming for Bf1.} Rc3 57. Bf1 {Bb5 is the strong threat.} Kf6 58. Bb5 Ke6 59. Kg2 Rxa3 60. Bxd7+ Kxd7 61. Rxe5 Kxd6 62. Rxg5 {KR-KR} Ra2+ 63. Kg1 Ra3 64. Kg2 Ra2+ 65. Kf1 Ra3 66. Ke2 Ra2+ 67. Kf1 Ra3 68. Ke2 Ra2+ 69. Ke1 Ra3 70. Kf2 Ra2+ 71. Kg1 Ra3 72. Ra5 Rxf3 73. Rxa4 Rg3+ 74. Kf2 Ke5 75. g5 Rxg5 76. Ra5+ Kf6 77. Rxg5 Kxg5 {KP-KP} 78. Kf3 Kf6 79. Kxf4 {KP-K} Ke6 80. e5 $1 Ke7 81. Ke4 Ke6 82. Kd4 Ke7 83. Kd5 Kd7 84. e6+ Ke7 85. Ke5 Ke8 86. Kf5 Ke7 87. Ke5 Ke8 88. Kf6 {White threatens e7 and mate.} Kf8 89. e7+ Ke8 90. Ke6 {Accuracy: White = 53%, Black = 59%.} 1/2-1/2

[Event "EYCC Open-U16 2019"]
[Site "Bratislava"]
[Date "2019.08.10"]
[Round "9.43"]
[White "Pobor, Milo"]
[Black "Darmogray, Makar"]
[Result "1/2-1/2"]
[WhiteElo "2067"]
[BlackElo "2004"]
[Annotator "NA RC"]
[PlyCount "35"]
[EventDate "2019.08.02"]
[EventType "swiss"]
[EventCountry "SVK"]
[SourceTitle "playchess.com"]
[Source "ChessBase"]
[SourceQuality "1"]
[TimeControl "40/5400+30:1800+30"]

1. e4 {[%emt 0:00:00]} e5 {[%emt 0:00:00]} 2. Nf3 {[%emt 0:00:00]} Nc6 {[%emt 0:00:00]} 3. Nc3 {[%emt 0:00:00]} Nf6 {[%emt 0:00:04]} 4. Bb5 Bb4 {[%emt 0:01:31]} 5. O-O {[%emt 0:00:00]} d6 6. Nd5 Nxd5 {[%emt 0:14:19]} 7. exd5 {[%emt 0:10:44]} a6 {[%emt 0:00:04]} 8. Ba4 {[%emt 0:09:08]} b5 {[%emt 0:00:49]} 9. dxc6 {[%emt 0:01:13]} bxa4 {[%emt 0:00:06]} 10. c3 Bc5 11. d4 {[%emt 0:03:04]} Bb6 {[%emt 0:05:35]} 12. dxe5 {[%emt 0:10:53]} dxe5 {[%emt 0:00:32]} 13. Qxa4 f6 {[%emt 0:06:03]} 14. b3 {[%emt 0:06:24]} Qd3 15. Ba3 {[%emt 0:13:32]} Qxc3 {[%emt 0:16:10]} 16. Bb4 {[%emt 0:02:37]} Qd3 17. Rad1 {[%emt 0:08:30]} Qb5 {[%emt 0:04:58]} 18. Qa3 {[%emt 0:00:58]} 1/2-1/2

[Event "EYCC Open-U16 2019"]
[Site "Bratislava"]
[Date "2019.08.10"]
[Round "9.44"]
[White "Stankovic, Milos M"]
[Black "Vujovic, Savo"]
[Result "1/2-1/2"]
[WhiteElo "2270"]
[BlackElo "2023"]
[Annotator "ChessBase"]
[PlyCount "117"]
[EventDate "2019.08.02"]
[EventType "swiss"]
[EventCountry "SVK"]
[SourceTitle "playchess.com"]
[Source "ChessBase"]
[SourceQuality "1"]
[TimeControl "40/5400+30:1800+30"]

1. d4 {[%emt 0:00:00]} Nf6 {[%emt 0:00:00]} 2. c4 {[%emt 0:00:00]} g6 {[%emt 0:00:00]} 3. Nc3 {[%emt 0:00:00]} Bg7 {[%emt 0:00:03]} 4. e4 {[%emt 0:00:00]} O-O {[%emt 0:00:07]} 5. f3 {[%emt 0:00:00]} d6 {[%emt 0:00:11]} 6. Be3 {[%emt 0:00:00]} c6 {[%emt 0:00:15]} 7. Nge2 {[%emt 0:01:02]} a6 {[%emt 0:00:18]} 8. c5 {[%emt 0:05:00]} b5 {[%emt 0:05:11]} 9. cxb6 {[%emt 0:02:02]} Nbd7 {[%emt 0:00:41]} 10. g4 {[%emt 0:08:07]} Nxb6 {[%emt 0:03:59]} 11. Ng3 {[%emt 0:00:18]} Nfd7 {[%emt 0:02:50]} 12. Be2 {[%emt 0:03:09]} e5 {[%emt 0:04:52]} 13. h4 {[%emt 0:02:11]} d5 {[%emt 0:02:43]} 14. exd5 {[%emt 0:05:31]} Nxd5 {[%emt 0:00:36]} 15. Nxd5 {[%emt 0:02:31]} cxd5 {[%emt 0:00:15]} 16. Qd2 {[%emt 0:00:58]} Re8 {[%emt 0:09:37]} 17. Kf2 {[%emt 0:03:55]} e4 {[%emt 0:03:42]} 18. f4 {[%emt 0:07:49]} a5 {[%emt 0:10:56]} 19. f5 {[%emt 0:00:44]} Nf8 {[%emt 0:01:38]} 20. Kg2 {[%emt 0:01:52]} Qb6 {[%emt 0:03:46]} 21. Raf1 {[%emt 0:02:34]} Rb8 {[%emt 0:01:12]} 22. b3 {[%emt 0:00:29]} a4 {[%emt 0:02:01]} 23. bxa4 {[%emt 0:03:02]} h5 {[%emt 0:06:31]} 24. fxg6 {[%emt 0:04:02]} fxg6 {[%emt 0:01:47]} 25. gxh5 {[%emt 0:00:12]} Qb2 {[%emt 0:01:37]} 26. Rd1 {[%emt 0:07:47]} Ne6 {[%emt 0:03:21]} 27. Bb5 {[%emt 0:01:31]} Qxd2+ {[%emt 0:00:28]} 28. Rxd2 {[%emt 0:00:04]} Rf8 {[%emt 0:00:25]} 29. Rf1 {[%emt 0:05:46]} Rxf1 {[%emt 0:00:21]} 30. Kxf1 {[%emt 0:00:10]} Nc7 {[%emt 0:00:43]} 31. hxg6 {[%emt 0:01:47]} Nxb5 {[%emt 0:01:06]} 32. axb5 {[%emt 0:00:37]} Rxb5 {[%emt 0:00:08]} 33. h5 {[%emt 0:00:07]} Rb6 {[%emt 0:00:53]} 34. Kg2 {[%emt 0:00:17]} Bf8 {[%emt 0:00:22]} 35. Bg5 {[%emt 0:04:21]} Bg4 {[%emt 0:00:50]} 36. Rc2 {[%emt 0:01:10]} Bxh5 {[%emt 0:00:30]} 37. Nxh5 {[%emt 0:02:10]} Rxg6 {[%emt 0:00:07]} 38. Nf6+ {[%emt 0:00:06]} Kh8 {[%emt 0:01:06]} 39. Kh3 {[%emt 0:06:36]} Rxg5 {[%emt 0:00:28]} 40. Rc7 {[%emt 0:00:00]} Rg7 {[%emt 0:00:00]} 41. Nxd5 {[%emt 0:03:08]} e3 {[%emt 0:15:24]} 42. Rc8 {[%emt 0:17:15]} e2 {[%emt 0:00:25]} 43. Re8 {[%emt 0:00:27]} Rd7 {[%emt 0:01:10]} 44. Nf4 {[%emt 0:05:10]} e1=Q {[%emt 0:02:28]} 45. Rxe1 {[%emt 0:00:08]} Rxd4 {[%emt 0:00:13]} 46. Ne6 {[%emt 0:00:40]} Rd3+ {[%emt 0:00:27]} 47. Kg4 {[%emt 0:00:05]} Bb4 {[%emt 0:01:26]} 48. Rb1 {[%emt 0:00:37]} Bd6 {[%emt 0:00:28]} 49. Rb7 {[%emt 0:00:15]} Ra3 {[%emt 0:02:16]} 50. Rd7 {[%emt 0:00:24]} Bb4 {[%emt 0:01:14]} 51. Rb7 {[%emt 0:00:38]} Bc3 {[%emt 0:00:49]} 52. Kf5 {[%emt 0:00:28]} Rxa2 {[%emt 0:02:13]} 53. Kg6 {[%emt 0:00:08]} Ra8 {[%emt 0:01:23]} 54. Rc7 {[%emt 0:00:27]} Rg8+ {[%emt 0:01:15]} 55. Kf7 {[%emt 0:01:37]} Rg3 {[%emt 0:01:34]} 56. Rc4 {[%emt 0:01:35]} Rf3+ {[%emt 0:00:22]} 57. Nf4 {[%emt 0:01:36]} Bd2 {[%emt 0:02:00]} 58. Kg6 {[%emt 0:00:25]} Rg3+ {[%emt 0:00:24]} 59. Kf5 {[%emt 0:00:39]} 1/2-1/2